Score 0/78 Timer 10:00
0 Plays Today
Hint Cyclist % Correct
2019 - Tour de FranceVincenzo Nibali
96.9%
2018 - Vuelta a EspañaNicolas Roche
96.9%
2018 - Giro d'ItaliaNicolas Roche
96.9%
2017 - Vuelta a EspañaNicolas Roche
96.9%
2018 - Vuelta a EspañaBMC Racing Team
90.6%
2018 - Giro d'ItaliaBMC Racing Team
90.6%
2017 - Vuelta a EspañaBMC Racing Team
90.6%
2017 - Giro d'ItaliaBMC Racing Team
90.6%
2016 - Tour de FranceBMC Racing Team
90.6%
2015 - Tour de FranceBMC Racing Team
90.6%
2014 - Vuelta a EspañaBMC Racing Team
90.6%
2017 - Vuelta a EspañaTejay van Garderen
87.5%
2017 - Giro d'ItaliaTejay van Garderen
87.5%
2016 - Tour de FranceTejay van Garderen
87.5%
2015 - Tour de FranceTejay van Garderen
87.5%
2019 - Tour de FranceBahrein Merida
84.4%
2018 - Vuelta a EspañaRichie Porte
84.4%
2016 - Tour de FranceRichie Porte
84.4%
2016 - Tour de FranceGreg van Avermaet
84.4%
2015 - Tour de FranceGreg van Avermaet
84.4%
2013 - Tour de FranceDan Martin
84.4%
2019 - Tour de FranceDamiano Caruso
75%
2019 - Tour de FranceDylan Teuns
75%
2018 - Vuelta a EspañaDylan Teuns
75%
2017 - Vuelta a EspañaDamiano Caruso
75%
2017 - Giro d'ItaliaDylan Teuns
75%
2016 - Tour de FranceDamiano Caruso
75%
2015 - Tour de FranceDamiano Caruso
75%
2013 - Tour de FranceRyder Hesjedal
75%
2019 - Tour de FranceIván García Cortina
71.9%
2019 - Tour de FranceMatej Mohoric
71.9%
2015 - Tour de FranceSamuel Sánchez
71.9%
2014 - Vuelta a EspañaSamuel Sánchez
71.9%
2013 - Tour de FranceGarmin Sharp
71.9%
2013 - Tour de FranceRamūnas Navardauskas
71.9%
2014 - Vuelta a EspañaPhilippe Gilbert
68.8%
2016 - Tour de FranceAmaël Moinard
65.6%
2015 - Tour de FranceDanilo Wyss
65.6%
2014 - Vuelta a EspañaDanilo Wyss
65.6%
Hint Cyclist % Correct
2013 - Tour de FranceDavid Millar
65.6%
2018 - Vuelta a EspañaBrent Bookwalter
62.5%
2018 - Giro d'ItaliaJempy Drucker
62.5%
2017 - Vuelta a EspañaDaniel Oss
62.5%
2016 - Tour de FranceBrent Bookwalter
62.5%
2015 - Tour de FranceDaniel Oss
62.5%
2014 - Vuelta a EspañaCadel Evans
62.5%
2019 - Tour de FranceSonny Colbrelli
59.4%
2016 - Tour de FranceMarcus Burghardt
59.4%
2016 - Tour de FranceMichael Schär
59.4%
2015 - Tour de FranceMichael Schär
59.4%
2018 - Vuelta a EspañaAlessandro de Marchi
56.3%
2018 - Vuelta a EspañaFrancisco José Ventoso
56.3%
2018 - Giro d'ItaliaAlessandro de Marchi
56.3%
2018 - Giro d'ItaliaFrancisco José Ventoso
56.3%
2017 - Vuelta a EspañaAlessandro de Marchi
56.3%
2017 - Vuelta a EspañaFrancisco José Ventoso
56.3%
2017 - Giro d'ItaliaFrancisco José Ventoso
56.3%
2017 - Giro d'ItaliaSilvan Dillier
53.1%
2017 - Giro d'ItaliaManuel Quinziato
53.1%
2015 - Tour de FranceManuel Quinziato
53.1%
2014 - Vuelta a EspañaManuel Quinziato
53.1%
2013 - Tour de FranceJack Bauer
53.1%
2014 - Vuelta a EspañaSteve Morabito
50%
2013 - Tour de FranceChristian Vande Velde
50%
2019 - Tour de FranceJan Tratnik
46.9%
2013 - Tour de FranceAndrew Talansky
46.9%
2018 - Vuelta a EspañaJoey Rosskopf
43.8%
2017 - Giro d'ItaliaJoey Rosskopf
43.8%
2013 - Tour de FranceTom Danielson
43.8%
2018 - Giro d'ItaliaLoïc Vliegen
34.4%
2017 - Vuelta a EspañaLoic Vliegen
34.4%
2014 - Vuelta a EspañaDominik Nerz
34.4%
2017 - Giro d'ItaliaBen Hermans
31.3%
2018 - Giro d'ItaliaKilian Frankiny
21.9%
2018 - Giro d'ItaliaJürgen Roelandts
21.9%
2017 - Vuelta a EspañaKilian Frankiny
21.9%
2017 - Giro d'ItaliaManuel Senni
12.5%
2014 - Vuelta a EspañaLarry Warbasse
9.4%

You're not logged in!

Compare scores with friends on all Sporcle quizzes.
OR
Log In

Sporcle TV

Today on Sporcle TV


Watch our educational content, quiz creation guides, and fun videos on Sporcle TV.

Show Comments

Extras

Top Quizzes Today


Score Distribution

Paid Content

Your Account Isn't Verified!

In order to create a playlist on Sporcle, you need to verify the email address you used during registration. Go to your Sporcle Settings to finish the process.

Report this User

Report this user for behavior that violates our Community Guidelines.

Details: